Statistics for Films with Animals in the Title by Letter

Click here to take the quiz!

General Stats

  • This quiz has been taken 52 times
  • The average score is 7 of 19

Answer Stats

AnimalFilm% Correct
KPandaKung Fu Panda
87%
SLambSilence of the Lambs
80%
TMockingbirdTo Kill a Mockingbird
80%
OCuckooOne Flew Over the Cuckoo's Nest
78%
HPhoenixHarry Potter and the Order of the Phoenix
53%
CTigerCrouching Tiger, Hidden Dragon
49%
BFishBig Fish
44%
ASpiderAlong Came a Spider
40%
GCobraG.I.Joe: Rise of the Cobra
38%
WRabbitWho Framed Roger Rabbit?
36%
DApeDawn of the Planet of the Apes
31%
RDogReservoir Dogs
27%
IZebraIce Station Zebra
16%
FGooseFather Goose
9%
MOctopusMega Shark VS Giant Octopus
7%
UDachsundThe Ugly Dachsund
7%
PCowPoor Cow
4%
LPigLeon the Pig Farmer
2%
NWolfNever Cry Wolf
2%

Score Distribution

Percentile by Number Answered

Percent of People with Each Score

Your Score History

You have not taken this quiz